MJ Cash's Thomas Hardy Quiz Stats

 Plays Quiz not verified by Sporcle

Score 0/14 Timer 05:00
0 Plays Today
? answer % Correct
'Far from the ________ _____'Madding Crowd
96.3%
Hardy's semi-fictional countyWessex
88.8%
Hardy - excellent or rubbish?Excellent
79.1%
Hardy's final major novelJude the Obscure
74.6%
Stonehenge features prominantly in which of Hardy's novelsTess of the d'Urbervilles
70.9%
Casterbridge is based on...Dorchester
56.7%
Hardy's cottages in Dorchester are owned by...the National Trust
48.5%
? answer % Correct
Year died1928
48.5%
Age when he died87
46.3%
Year born1840
44%
Hardy dabbled in the...supernatural
37.3%
Which novel was was published in 1872Under the Greenwood Tree
34.3%
The name of the riddleman in 'The Return of the Native'Diggory Venn
26.9%
Hardy was awarded the Order of Merit in which year?1910
26.9%

You're not logged in!

Compare scores with friends on all Sporcle quizzes.
OR
Log In

Show Comments

Extras

Top Quizzes Today


Score Distribution

Your Account Isn't Verified!

In order to create a playlist on Sporcle, you need to verify the email address you used during registration. Go to your Sporcle Settings to finish the process.

Report this User

Report this user for behavior that violates our Community Guidelines.

Details: